Creating social change (Record no. 144)

MARC details
000 -LEADER
fixed length control field 00537nam a2200217Ia 4500
020 ## - INTERNATIONAL STANDARD BOOK NUMBER
ISBN 0-03-080262-8
082 ## - DEWEY DECIMAL CLASSIFICATION NUMBER
Classification number 303.4 ZAL-;
100 ## - MAIN ENTRY--AUTHOR NAME
Personal name Zaltman, Gerald
245 #0 - TITLE STATEMENT
Title Creating social change
260 ## - PUBLICATION, DISTRIBUTION, ETC. (IMPRINT)
Place of publication New York
Name of publisher Holt, Rinehart and Winston
Year of publication 1972
300 ## - PHYSICAL DESCRIPTION
Number of Pages xviii, 676p.
650 ## - SUBJECT ADDED ENTRY--TOPICAL TERM
Topical Term Social change
650 ## - SUBJECT ADDED ENTRY--TOPICAL TERM
Topical Term Social planning
650 ## - SUBJECT ADDED ENTRY--TOPICAL TERM
Topical Term Social psychology
650 ## - SUBJECT ADDED ENTRY--TOPICAL TERM
Topical Term Sociology
650 ## - SUBJECT ADDED ENTRY--TOPICAL TERM
Topical Term Social organization
650 ## - SUBJECT ADDED ENTRY--TOPICAL TERM
Topical Term Social structure
700 ## - ADDED ENTRY--PERSONAL NAME
Personal name Kaufman, Ira
700 ## - ADDED ENTRY--PERSONAL NAME
Personal name Kotler, Philp
942 ## - ADDED ENTRY ELEMENTS (KOHA)
Koha item type Books
Holdings
Withdrawn status Lost status Damaged status Not for loan Home library Current library Date acquired Full call number Accession Number Price effective from Koha item type
        NASSDOC Library NASSDOC Library 08/06/2004 303.4 ZAL-; 5208 18/04/2019 Books